Statistics for Pac-12/Mountain West College Football Teams

Click here to take the quiz!

General Stats

  • This quiz has been taken 122 times
    (29 since last reset)
  • The average score is 12 of 14

Answer Stats

SchoolTeam Name/Colors% Correct
Colorado StateRams
100%
Oregon StateBeavers
100%
Boise StateBroncos
93%
New MexicoLobos
93%
WyomingCowboys
90%
NevadaWolf Pack
86%
UNLVRebels
86%
Washington StateCougars
86%
HawaiiRainbow Warriors
83%
San Diego StateAztecs
83%
Utah StateAggies
76%
Air ForceFalcons
72%
Fresno StateBulldogs
69%
San Jose StateSpartans
69%

Score Distribution

Percentile by Number Answered

Percent of People with Each Score

Your Score History

You have not taken this quiz since the last reset